Welcome to CU Library Online Public Access Catalogue (OPAC)

The indirect credit : (Record no. 1095)

MARC details
000 -LEADER
fixed length control field 00929cam a2200241 i 4500
001 - CONTROL NUMBER
control field 2688898
005 - DATE AND TIME OF LATEST TRANSACTION
control field 20241112173158.0
008 - FIXED-LENGTH DATA ELEMENTS--GENERAL INFORMATION
fixed length control field 750422m19751979maua b 001 0 eng
020 ## - INTERNATIONAL STANDARD BOOK NUMBER
International Standard Book Number 0915506173
020 ## - INTERNATIONAL STANDARD BOOK NUMBER
International Standard Book Number 091550619X
050 00 - LIBRARY OF CONGRESS CALL NUMBER
Classification number KF6419
Item number .O94 1975
082 00 - DEWEY DECIMAL CLASSIFICATION NUMBER
Classification number 343.73/05248
100 1# - MAIN ENTRY--PERSONAL NAME
Personal name Owens, Elisabeth A.
245 14 - TITLE STATEMENT
Title The indirect credit :
Remainder of title a study of various foreign tax credits granted to domestic shareholders under U.S. income tax law /
Statement of responsibility, etc. Elisabeth A. Owens, Gerald T. Ball.
260 ## - PUBLICATION, DISTRIBUTION, ETC.
Place of publication, distribution, etc. Cambridge [Mass.] :
Name of publisher, distributor, etc. International Tax Program, Law School of Harvard University,
Date of publication, distribution, etc. 1975-1979.
300 ## - PHYSICAL DESCRIPTION
Extent xiv, 477 pages
Other physical details ill. ;
Dimensions 24 cm.
500 ## - GENERAL NOTE
General note Includes indexes.
650 #0 - SUBJECT ADDED ENTRY--TOPICAL TERM
Topical term or geographic name entry element Income tax
Geographic subdivision United States
General subdivision Foreign income.
650 #0 - SUBJECT ADDED ENTRY--TOPICAL TERM
Topical term or geographic name entry element Double taxation
Geographic subdivision United States.
700 1# - ADDED ENTRY--PERSONAL NAME
Personal name Ball, Gerald T.,
Dates associated with a name 1939-
Relator term joint author.
710 2# - ADDED ENTRY--CORPORATE NAME
Corporate name or jurisdiction name as entry element Harvard University.
Subordinate unit International Tax Program.
942 ## - ADDED ENTRY ELEMENTS (KOHA)
Source of classification or shelving scheme Library of Congress Classification
Koha item type Books
Suppress in OPAC No
999 ## -
-- 1095
-- 1095
Holdings
Withdrawn status Lost status Source of classification or shelving scheme Damaged status Not for loan Collection Home library Current library Shelving location Date acquired Total checkouts Full call number Barcode Date last seen Copy number Price effective from Koha item type
    Library of Congress Classification     Non-fiction Law Library (Christ Temple) Law Library (Christ Temple) General stacks 01/22/2025   KF6419.O94 OWE LLCT00000276 01/22/2025 2 01/22/2025 Books
    Library of Congress Classification     Non-fiction Law Library (Miotso) Law Library (Miotso) General stacks 11/12/2024   KF6419.O94 OWE llm00000895 11/12/2024 1 11/12/2024 Books
© 2023-2024 Copyright: Central University Libraries. All Rights Reserved | Created by: Mahone Tech Office